| 000 | 00856cam a2200253 a 4500 | ||
|---|---|---|---|
| 003 | EG-GiCUC | ||
| 005 | 20250223031803.0 | ||
| 008 | 170909s1971 ua f m 000 0 eng d | ||
| 040 |
_aEG-GiCUC _beng _cEG-GiCUC |
||
| 041 | 0 | _aeng | |
| 049 | _aGift | ||
| 097 | _aPh.D | ||
| 099 | _aCai01.34.Ph.D.1971.Sh.C | ||
| 100 | 0 | _aShwikar Ibrahim Elwan | |
| 245 | 1 | 0 |
_aConstitutional deiocracy and Islam : _bA comparative study / _cShwikar Ibrahim Elwan ; Supervised Larry Taulbee |
| 260 |
_aAtlanta : _bShwikar Ibrahim Elwan , _c1971 |
||
| 300 |
_a361 Leaves ; _c30cm |
||
| 502 | _aThesis (Ph.D.) - Emory University - Faculty of the Graduate School - Department of Political Science | ||
| 700 | 0 |
_aLarry Taulbee , _eSupervisor |
|
| 856 | _uhttp://172.23.153.220/th.pdf | ||
| 905 |
_aNazla _eRevisor |
||
| 905 |
_aSamia _eCataloger |
||
| 942 |
_2ddc _cTH |
||
| 999 |
_c62226 _d62226 |
||